[Event "3. Copenhagen Open Politiken Cup"]
[Site "Brndby"]
[Date "1981.??.??"]
[Round "7"]
[White "Reinert, Mads"]
[Black "Berg, Klaus"]
[Result "1/2-1/2"]
[WhiteElo "2215"]
[BlackElo "2305"]
[PlyCount "32"]
[EventDate "1981.??.??"]
[EventType "swiss"]
[EventRounds "10"]
[EventCountry "DEN"]
[SourceDate "2004.01.01"]

1. e4 c6 2. d4 d5 3. Nc3 dxe4 4. Nxe4 Bf5 5. Ng3 Bg6 6. h4 h6 7. Nh3 e6 8. Nf4
Bh7 9. Bc4 Nf6 10. Ngh5 Nbd7 11. O-O Nxh5 12. Qxh5 Nf6 13. Qe2 Bd6 14. Bxe6
fxe6 15. Nxe6 Qe7 16. Re1 Be4 1/2-1/2

[Event "3. Copenhagen Open Politiken Cup"]
[Site "Brndby"]
[Date "1981.??.??"]
[Round "7"]
[White "Scheeren, Peter"]
[Black "Dobosz, Henryk"]
[Result "1-0"]
[WhiteElo "2415"]
[BlackElo "2360"]
[PlyCount "95"]
[EventDate "1981.??.??"]
[EventType "swiss"]
[EventRounds "10"]
[EventCountry "DEN"]
[SourceDate "2004.01.01"]

1. d4 e6 2. c4 Nf6 3. Nc3 Bb4 4. e3 c5 5. Nge2 b6 6. a3 Ba5 7. Rb1 Na6 8. Bd2
O-O 9. Ng3 d5 10. cxd5 Nxd5 11. b4 Ndxb4 12. axb4 Bxb4 13. dxc5 Bxc5 14. Be2
Bb7 15. O-O Qd7 16. Qb3 Be7 17. Rfd1 Nc5 18. Qa2 Qc7 19. Nb5 Qe5 20. Nd4 Bd5
21. Bc4 Bb7 22. Bc3 Rfd8 23. Be2 Bd5 24. Qa1 Qg5 25. Bf3 Bf8 26. Nc6 Bxf3 27.
gxf3 Rxd1+ 28. Rxd1 h5 29. f4 Qg4 30. Ne5 Qh3 31. Nf3 f6 32. Nd2 h4 33. Nge4
Qg4+ 34. Kf1 Qh3+ 35. Ke2 Qg4+ 36. f3 Qg2+ 37. Nf2 Nd3 38. Kxd3 Qxf2 39. Qa2
Rd8+ 40. Bd4 Rd6 41. f5 Qxh2 42. fxe6 Be7 43. Rc1 h3 44. Qxa7 Rxe6 45. Qd7 Qd6
46. Qxd6 Bxd6 47. Ne4 Bb8 48. Nf2 1-0

[Event "3. Copenhagen Open Politiken Cup"]
[Site "Brndby"]
[Date "1981.??.??"]
[Round "7"]
[White "Schneider, Lars Ake"]
[Black "Wedberg, Tom"]
[Result "1-0"]
[WhiteElo "2410"]
[BlackElo "2420"]
[PlyCount "109"]
[EventDate "1981.??.??"]
[EventType "swiss"]
[EventRounds "10"]
[EventCountry "DEN"]
[SourceDate "2004.01.01"]

1. e4 e5 2. Nf3 Nc6 3. c3 Nf6 4. d4 d6 5. Bb5 Bd7 6. O-O Be7 7. Re1 O-O 8. d5
Nb8 9. Bxd7 Nbxd7 10. c4 Nh5 11. Nxe5 Nxe5 12. Qxh5 Nxc4 13. Qe2 Nb6 14. Nc3
Bf6 15. Bd2 Re8 16. Rac1 Qd7 17. Qd3 Re7 18. b3 c5 19. dxc6 bxc6 20. Red1 Qe6
21. Be3 Rd8 22. Ne2 d5 23. exd5 Nxd5 24. Nf4 Qe5 25. Nxd5 cxd5 26. Rc5 Red7 27.
Ra5 Qb8 28. Bd4 Bxd4 29. Qxd4 Qc7 30. b4 Qc2 31. g3 Qe2 32. Rc1 Qe7 33. Rc3
Qe1+ 34. Kg2 Re8 35. Rd3 Qe7 36. Re3 Qd8 37. Rxd5 Rxd5 38. Rxe8+ Qxe8 39. Qxd5
g6 40. b5 Qb8 41. Qc5 Qd8 42. a4 Qa5 43. Qd4 h5 44. h4 Kf8 45. Kf3 Qc7 46. Qb4+
Ke8 47. a5 Kd7 48. b6 Qc6+ 49. Ke3 axb6 50. Qxb6 Qc3+ 51. Ke2 Qc2+ 52. Kf3 Qf5+
53. Kg2 Qd5+ 54. Kh2 Qa2 55. a6 1-0

[Event "3. Copenhagen Open Politiken Cup"]
[Site "Brndby"]
[Date "1981.??.??"]
[Round "7"]
[White "Sjoberg, Mats"]
[Black "Nikolaiczuk, Lothar"]
[Result "1-0"]
[WhiteElo "2230"]
[BlackElo "2280"]
[PlyCount "141"]
[EventDate "1981.??.??"]
[EventType "swiss"]
[EventRounds "10"]
[EventCountry "DEN"]
[SourceDate "2004.01.01"]

1. d4 Nf6 2. c4 e6 3. Nf3 c5 4. d5 exd5 5. cxd5 d6 6. Nc3 g6 7. e4 Bg7 8. Bg5
h6 9. Bh4 a6 10. Nd2 b5 11. Be2 O-O 12. O-O Nbd7 13. f4 Qe8 14. Bf3 Nh7 15. Bg3
Bb7 16. Qc2 Qb8 17. a4 b4 18. Nd1 a5 19. Re1 Ba6 20. Be2 Re8 21. Rc1 Bxe2 22.
Rxe2 Nhf6 23. Nc4 Nh5 24. Qd3 Bd4+ 25. Kh1 Ndf6 26. Qf3 Nxg3+ 27. hxg3 h5 28.
b3 Ra7 29. Ndb2 Rae7 30. Rce1 Bc3 31. Nxa5 Bxe1 32. Nc6 Qc7 33. Nxe7+ Qxe7 34.
Rxe1 Nxe4 35. Kg1 f5 36. Qd3 Qd7 37. Nc4 Re7 38. a5 Qb5 39. Qc2 Qb7 40. Qd1 Kf8
41. Qa1 Kg8 42. a6 Qxd5 43. Rd1 Qc6 44. Qa5 Qc7 45. Qxc7 Rxc7 46. Nxd6 Rd7 47.
Ra1 Nxd6 48. a7 Rxa7 49. Rxa7 Ne4 50. Rd7 Kf8 51. Rd3 Ke7 52. Kf1 Ke6 53. Ke2
Ke7 54. Kf3 Ke6 55. Ke2 Ke7 56. Kf1 Ke6 57. Ke1 Nd6 58. Kd2 Ne4+ 59. Kc2 Nd6
60. Re3+ Ne4 61. Kd3 Kd5 62. Re2 Ke6 63. Kc4 Kf7 64. Ra2 Kg7 65. Ra7+ Kh6 66.
Rd7 g5 67. Rd5 Kg6 68. Rxc5 Nxc5 69. Kxc5 h4 70. gxh4 gxh4 71. Kd5 1-0

[Event "3. Copenhagen Open Politiken Cup"]
[Site "Brndby"]
[Date "1981.??.??"]
[Round "7"]
[White "Spassov, Liuben"]
[Black "Jahr, Ulrich"]
[Result "1-0"]
[WhiteElo "2460"]
[BlackElo "2230"]
[PlyCount "105"]
[EventDate "1981.??.??"]
[EventType "swiss"]
[EventRounds "10"]
[EventCountry "DEN"]
[SourceDate "2004.01.01"]

1. Nf3 f5 2. g3 Nf6 3. Bg2 g6 4. O-O Bg7 5. d4 O-O 6. c4 d6 7. Nc3 c6 8. d5 e5
9. dxe6 Bxe6 10. Qd3 Nbd7 11. Ng5 Ne5 12. Nxe6 Qe7 13. Qc2 Qxe6 14. b3 Ne4 15.
Nxe4 fxe4 16. Ba3 e3 17. f3 Nxf3+ 18. Bxf3 Rxf3 19. exf3 e2 20. Rfe1 Bxa1 21.
Qxe2 Qxe2 22. Rxe2 d5 23. cxd5 cxd5 24. Re7 Rc8 25. Rxb7 Rc2 26. Rd7 Rxa2 27.
Bc5 Rd2 28. Bxa7 Rb2 29. Rxd5 Rxb3 30. Kg2 Rb7 31. Be3 Kf7 32. g4 Re7 33. Bf4
Bg7 34. h4 Re2+ 35. Kg3 Re7 36. h5 gxh5 37. Rxh5 Kg6 38. Rd5 Ra7 39. Rd6+ Kf7
40. Rc6 Ra8 41. Bc1 Ra7 42. f4 Rd7 43. Kh4 Bd4 44. g5 Bg7 45. Kh5 Rd3 46. Rc7+
Kg8 47. Rb7 Rd1 48. Ba3 Rd8 49. f5 Rd5 50. Rb8+ Kf7 51. f6 Bxf6 52. Rf8+ Kg7
53. Rxf6 1-0

[Event "3. Copenhagen Open Politiken Cup"]
[Site "Brndby"]
[Date "1981.??.??"]
[Round "7"]
[White "Sorensen, Bent"]
[Black "Hoi, Carsten"]
[Result "0-1"]
[WhiteElo "2285"]
[BlackElo "2425"]
[PlyCount "111"]
[EventDate "1981.??.??"]
[EventType "swiss"]
[EventRounds "10"]
[EventCountry "DEN"]
[SourceDate "2004.01.01"]

1. c4 e6 2. Nf3 d5 3. b3 Nf6 4. Bb2 Be7 5. g3 O-O 6. Bg2 c5 7. O-O Nc6 8. cxd5
Nxd5 9. Nc3 Bf6 10. Qc2 Ndb4 11. Qc1 Bd7 12. Ne4 Bxb2 13. Qxb2 b6 14. a3 Nd5
15. d4 cxd4 16. Nxd4 Nxd4 17. Qxd4 Bb5 18. Qb2 Rc8 19. a4 Ba6 20. Rfc1 Qe7 21.
a5 Bb5 22. axb6 axb6 23. Bf3 Qb4 24. Rxc8 Rxc8 25. Rc1 Rxc1+ 26. Qxc1 h6 27.
Qc8+ Kh7 28. Qc2 f5 29. Nd2 Qc3 30. Qxc3 Nxc3 31. e4 g5 32. e5 Kg6 33. Kg2 h5
34. h3 g4 35. Bb7 f4 36. hxg4 hxg4 37. gxf4 Kf5 38. f3 Kxf4 39. fxg4 Kxg4 40.
Kf2 Kf4 41. Bc8 Kxe5 42. Ke3 Nd5+ 43. Kf2 Nc7 44. Ke3 Kd5 45. Bb7+ Kc5 46. Ke4
Kd6 47. Kd4 e5+ 48. Ke4 Ne6 49. Kf5 Nc5 50. Ba8 Bd3+ 51. Kg4 b5 52. Kf3 Bc2 53.
b4 Na6 54. Ne4+ Bxe4+ 55. Kxe4 Nxb4 56. Bb7 0-1

[Event "3. Copenhagen Open Politiken Cup"]
[Site "Brndby"]
[Date "1981.??.??"]
[Round "7"]
[White "Sorensen, Henrik"]
[Black "Bjerring, Kai"]
[Result "1/2-1/2"]
[WhiteElo "2215"]
[BlackElo "2325"]
[PlyCount "26"]
[EventDate "1981.??.??"]
[EventType "swiss"]
[EventRounds "10"]
[EventCountry "DEN"]
[SourceDate "2004.01.01"]

1. d4 c5 2. c3 Nf6 3. Nf3 e6 4. Bf4 b6 5. Nbd2 Bb7 6. e3 Be7 7. Bd3 Nh5 8. Bg3
f5 9. Bxb8 Rxb8 10. O-O O-O 11. Ne5 Nf6 12. f4 d6 13. Nef3 Ne4 1/2-1/2

[Event "3. Copenhagen Open Politiken Cup"]
[Site "Brndby"]
[Date "1981.??.??"]
[Round "7"]
[White "Tjarnemo, Hakan"]
[Black "Anbuhl, Edgar"]
[Result "1/2-1/2"]
[WhiteElo "2235"]
[BlackElo "2230"]
[PlyCount "23"]
[EventDate "1981.??.??"]
[EventType "swiss"]
[EventRounds "10"]
[EventCountry "DEN"]
[SourceDate "2004.01.01"]

1. Nf3 d5 2. d4 c5 3. c3 cxd4 4. cxd4 Nf6 5. Nc3 Nc6 6. Bf4 e6 7. e3 Be7 8. Rc1
Nh5 9. Bg3 Nxg3 10. hxg3 Bd7 11. Bd3 h6 12. a3 1/2-1/2

[Event "3. Copenhagen Open Politiken Cup"]
[Site "Brndby"]
[Date "1981.??.??"]
[Round "8"]
[White "Anbuhl, Edgar"]
[Black "Farias, Sergio"]
[Result "1/2-1/2"]
[WhiteElo "2230"]
[BlackElo "2240"]
[PlyCount "50"]
[EventDate "1981.??.??"]
[EventType "swiss"]
[EventRounds "10"]
[EventCountry "DEN"]
[SourceDate "2004.01.01"]

1. e4 d5 2. exd5 Nf6 3. c4 c6 4. d4 cxd5 5. Nc3 g6 6. Qb3 Bg7 7. cxd5 O-O 8.
Nge2 Nbd7 9. g3 Nb6 10. Bg2 Bf5 11. Nf4 Qd7 12. O-O g5 13. Nfe2 h6 14. a4 Bh3
15. Be3 Bxg2 16. Kxg2 Nbxd5 17. Rac1 Rac8 18. a5 Qe6 19. Nxd5 Nxd5 20. Kg1 Qd7
21. Nc3 e6 22. Nxd5 Qxd5 23. Qxd5 exd5 24. g4 b5 25. axb6 axb6 1/2-1/2

[Event "3. Copenhagen Open Politiken Cup"]
[Site "Brndby"]
[Date "1981.??.??"]
[Round "8"]
[White "Bednarski, Jacek"]
[Black "Hansen, Curt"]
[Result "1-0"]
[WhiteElo "2380"]
[BlackElo "2330"]
[PlyCount "57"]
[EventDate "1981.??.??"]
[EventType "swiss"]
[EventRounds "10"]
[EventCountry "DEN"]
[SourceDate "2004.01.01"]

1. e4 d5 2. exd5 Qxd5 3. Nc3 Qa5 4. d4 Nf6 5. Nf3 Bf5 6. Ne5 c6 7. g4 Be6 8.
Bg2 Nbd7 9. Nxd7 Bxd7 10. g5 Nd5 11. O-O Nxc3 12. bxc3 g6 13. Rb1 Qc7 14. Qf3
Bg7 15. Bf4 Qc8 16. Rfe1 Be6 17. Rxb7 O-O 18. Qxc6 Qxc6 19. Bxc6 Rac8 20. Bc7
Bxa2 21. Rxe7 a5 22. Ra7 f6 23. Bxa5 Rf7 24. Rxf7 Bxf7 25. d5 fxg5 26. d6 Bf6
27. Bc7 Be6 28. Ba4 Kh8 29. d7 1-0

[Event "3. Copenhagen Open Politiken Cup"]
[Site "Brndby"]
[Date "1981.??.??"]
[Round "8"]
[White "Bjarnason, Saevar"]
[Black "Berg, Klaus"]
[Result "1-0"]
[WhiteElo "2245"]
[BlackElo "2305"]
[PlyCount "87"]
[EventDate "1981.??.??"]
[EventType "swiss"]
[EventRounds "10"]
[EventCountry "DEN"]
[SourceDate "2004.01.01"]

1. Nf3 c5 2. g3 g6 3. Bg2 Bg7 4. O-O Nc6 5. c4 e6 6. Nc3 Nge7 7. d3 O-O 8. Bf4
e5 9. Be3 d6 10. Qc1 Nf5 11. Bg5 f6 12. Bd2 Be6 13. e3 Nfe7 14. a3 Rc8 15. Qb1
d5 16. cxd5 Nxd5 17. Nxd5 Bxd5 18. Bc3 f5 19. Rd1 f4 20. Nd2 Bxg2 21. Kxg2 f3+
22. Kh1 Qd7 23. Ne4 b6 24. b4 cxb4 25. axb4 b5 26. Nc5 Qf7 27. Qa2 Qxa2 28.
Rxa2 Rfd8 29. Ne6 Rd6 30. Ng5 Rxd3 31. Rxd3 Nxb4 32. Rad2 Nxd3 33. Rxd3 e4 34.
Nxe4 Bxc3 35. Rxc3 Rxc3 36. Nxc3 b4 37. Na4 Kf7 38. Kg1 Ke6 39. Kf1 Kd5 40. Nb2
b3 41. Ke1 Kc5 42. Kd2 Kb4 43. e4 a5 44. e5 1-0

[Event "3. Copenhagen Open Politiken Cup"]
[Site "Brndby"]
[Date "1981.??.??"]
[Round "8"]
[White "Brondum, Eric"]
[Black "Plaskett, Jim"]
[Result "0-1"]
[WhiteElo "2460"]
[BlackElo "2405"]
[PlyCount "78"]
[EventDate "1981.??.??"]
[EventType "swiss"]
[EventRounds "10"]
[EventCountry "DEN"]
[SourceDate "2004.01.01"]

1. d4 e6 2. c4 b6 3. e4 Bb7 4. Bd3 f5 5. exf5 Bb4+ 6. Kf1 Nf6 7. Bg5 O-O 8. a3
Bd6 9. Nc3 exf5 10. d5 h6 11. Bd2 Na6 12. b4 c6 13. dxc6 dxc6 14. Qb1 Bxb4 15.
axb4 Nxb4 16. Qxb4 Qxd3+ 17. Nce2 Ne4 18. Be1 c5 19. Qb1 Qxc4 20. Qa2 Qxa2 21.
Rxa2 a5 22. f3 a4 23. Nf4 Nd6 24. Kf2 b5 25. Nge2 b4 26. Ra1 Rfc8 27. Rd1 Nb5
28. Rd7 Bc6 29. Re7 Re8 30. Rxe8+ Bxe8 31. Nd3 a3 32. Nxc5 a2 33. Bxb4 a1=Q 34.
Rxa1 Rxa1 35. g4 Ra2 36. Ke3 Nd6 37. h4 Nc4+ 38. Kd4 Rxe2 39. Kxc4 Rf2 0-1

[Event "3. Copenhagen Open Politiken Cup"]
[Site "Brndby"]
[Date "1981.??.??"]
[Round "8"]
[White "Carlsson, Gerner"]
[Black "Tjarnemo, Hakan"]
[Result "1/2-1/2"]
[WhiteElo "2205"]
[BlackElo "2235"]
[PlyCount "121"]
[EventDate "1981.??.??"]
[EventType "swiss"]
[EventRounds "10"]
[EventCountry "DEN"]
[SourceDate "2004.01.01"]

1. d4 Nf6 2. c4 g6 3. Nc3 d5 4. Bf4 c6 5. e3 Bg7 6. Nf3 O-O 7. Rc1 Qa5 8. Qd2
Bf5 9. cxd5 cxd5 10. Be2 Nc6 11. Ne5 Rac8 12. O-O Rfd8 13. Rfd1 h5 14. h3 a6
15. a3 Qb6 16. Na4 Qa7 17. Nxc6 bxc6 18. Qa5 Re8 19. Nb6 Rcd8 20. Rxc6 Nd7 21.
Nxd7 Qxd7 22. Rdc1 Bxh3 23. gxh3 Qxh3 24. Bf1 Qf5 25. Qd2 e5 26. dxe5 Bxe5 27.
Bxe5 Rxe5 28. f4 Ree8 29. Bg2 Qg4 30. Qf2 d4 31. exd4 Re2 32. Qf3 Rxd4 33. Qxg4
hxg4 34. R6c4 Rdd2 35. Bf1 Rf2 36. b4 Kg7 37. a4 Rb2 38. b5 axb5 39. axb5 Rf3
40. Bg2 Rg3 41. R1c2 Rxb5 42. Kf2 Rgb3 43. R2c3 Rxc3 44. Rxc3 f5 45. Kg3 Kh6
46. Bc6 Rb6 47. Bd5 Rd6 48. Rc5 Ra6 49. Rc8 Ra3+ 50. Kf2 Rd3 51. Rd8 Kg7 52.
Ke2 Rd4 53. Ke3 Rd1 54. Rd7+ Kh6 55. Rd8 Kg7 56. Rd7+ Kh6 57. Rd6 Kg7 58. Rd7+
Kh6 59. Rd6 Kg7 60. Rd7+ Kh6 61. Rd6 1/2-1/2

[Event "3. Copenhagen Open Politiken Cup"]
[Site "Brndby"]
[Date "1981.??.??"]
[Round "8"]
[White "Dobosz, Henryk"]
[Black "Hartung Nielsen, Jens"]
[Result "0-1"]
[WhiteElo "2360"]
[BlackElo "2220"]
[PlyCount "68"]
[EventDate "1981.??.??"]
[EventType "swiss"]
[EventRounds "10"]
[EventCountry "DEN"]
[SourceDate "2004.01.01"]

1. d4 Nf6 2. c4 d6 3. Nc3 Nbd7 4. Bg5 e5 5. e3 c6 6. Nf3 Qa5 7. Qc2 exd4 8.
exd4 Be7 9. Bd3 O-O 10. O-O Re8 11. Rae1 h6 12. Bh4 Qd8 13. Re2 Nf8 14. Rfe1
Bd7 15. d5 cxd5 16. cxd5 Nxd5 17. Nxd5 Bxh4 18. Rxe8 Bxe8 19. Nc7 Bc6 20. Nxa8
Bxf3 21. gxf3 Qxa8 22. Bc4 Qd8 23. Re4 Ng6 24. Bb3 Ne5 25. f4 Ng4 26. Rc4 Bxf2+
27. Kh1 Bc5 28. Qe2 Qd7 29. Rc3 g6 30. Rg3 Nf2+ 31. Kg2 Kg7 32. Bd5 Qf5 33.
Bxb7 Qb1 34. Bd5 Qh1# 0-1

[Event "3. Copenhagen Open Politiken Cup"]
[Site "Brndby"]
[Date "1981.??.??"]
[Round "8"]
[White "Ernst, Thomas"]
[Black "Sorensen, Henrik"]
[Result "1-0"]
[WhiteElo "2295"]
[BlackElo "2215"]
[PlyCount "81"]
[EventDate "1981.??.??"]
[EventType "swiss"]
[EventRounds "10"]
[EventCountry "DEN"]
[SourceDate "2004.01.01"]

1. e4 c6 2. d4 d5 3. e5 Bf5 4. h4 h5 5. Ne2 e6 6. Ng3 Bg6 7. Nc3 c5 8. dxc5
Bxc5 9. Bd3 Bxd3 10. cxd3 Nc6 11. Bg5 Qa5 12. O-O Bd4 13. Nxh5 Bxe5 14. Re1 Nh6
15. Rxe5 Nxe5 16. Nxg7+ Kf8 17. Bf6 Neg4 18. Nxe6+ fxe6 19. Bxh8 Kg8 20. Bd4
Qb4 21. Ne2 e5 22. Bc3 Qe7 23. g3 Rf8 24. Be1 Qf7 25. f4 Nf5 26. Bd2 Qh5 27.
Qe1 e4 28. dxe4 dxe4 29. Qd1 Kh7 30. Rc1 Nxh4 31. Rc7+ Kg6 32. Nd4 Nf5 33. Qe2
Nxd4 34. Qxe4+ Nf5 35. Qe6+ Nf6 36. Bc3 Qf3 37. Bxf6 Qxg3+ 38. Kf1 Ne3+ 39. Ke2
Qg4+ 40. Qxg4+ Nxg4 41. Bg5 1-0

[Event "3. Copenhagen Open Politiken Cup"]
[Site "Brndby"]
[Date "1981.??.??"]
[Round "8"]
[White "Hvenekilde, Jorgen"]
[Black "Bjerring, Kai"]
[Result "1/2-1/2"]
[WhiteElo "2275"]
[BlackElo "2325"]
[PlyCount "25"]
[EventDate "1981.??.??"]
[EventType "swiss"]
[EventRounds "10"]
[EventCountry "DEN"]
[SourceDate "2004.01.01"]

1. Nf3 c5 2. c4 Nf6 3. g3 g6 4. Bg2 Bg7 5. O-O O-O 6. Nc3 Nc6 7. d3 Re8 8. Bd2
a6 9. a3 b5 10. cxb5 axb5 11. b4 cxb4 12. axb4 Nxb4 13. Nd4 1/2-1/2

[Event "3. Copenhagen Open Politiken Cup"]
[Site "Brndby"]
[Date "1981.??.??"]
[Round "8"]
[White "Jahr, Ulrich"]
[Black "Fuglsang, Flemming"]
[Result "1-0"]
[WhiteElo "2230"]
[BlackElo "2200"]
[PlyCount "105"]
[EventDate "1981.??.??"]
[EventType "swiss"]
[EventRounds "10"]
[EventCountry "DEN"]
[SourceDate "2004.01.01"]

1. e4 c5 2. Nf3 d6 3. d4 cxd4 4. Nxd4 Nf6 5. Nc3 g6 6. Be3 Bg7 7. f3 Nc6 8. Qd2
O-O 9. Bc4 Bd7 10. h4 Rc8 11. Bb3 h5 12. O-O-O Ne5 13. Bg5 Rc5 14. g4 hxg4 15.
h5 Nxh5 16. Nd5 Rxd5 17. Bxd5 Qb6 18. c3 e6 19. Bb3 Rc8 20. Kb1 a5 21. fxg4
Nxg4 22. Rdg1 Nhf6 23. Bxf6 Nxf6 24. Nf5 Nxe4 25. Qg2 exf5 26. Rh8+ Kxh8 27.
Bxf7 Bh6 28. Qxg6 Qxg1+ 29. Qxg1 Bg5 30. Bd5 Bc6 31. Be6 Nd2+ 32. Ka1 Re8 33.
Qxg5 Rxe6 34. Qxd2 f4 35. b4 f3 36. b5 Bxb5 37. Qh2+ Kg7 38. Qg3+ Rg6 39. Qxf3
Bc6 40. Qe3 a4 41. Qe7+ Kg8 42. Kb2 Bd5 43. Qe8+ Kg7 44. Qxa4 Rg2+ 45. Kc1 Kf6
46. Qf4+ Ke7 47. a4 Bc6 48. c4 Ra2 49. Qg5+ Kd7 50. a5 Kc7 51. c5 dxc5 52. Qe5+
Kd8 53. Qf6+ 1-0

[Event "3. Copenhagen Open Politiken Cup"]
[Site "Brndby"]
[Date "1981.??.??"]
[Round "8"]
[White "Jasnikowski, Zbigniew"]
[Black "Ravikumar, Vaidyanathan"]
[Result "1/2-1/2"]
[WhiteElo "2380"]
[BlackElo "2325"]
[PlyCount "86"]
[EventDate "1981.??.??"]
[EventType "swiss"]
[EventRounds "10"]
[EventCountry "DEN"]
[SourceDate "2004.01.01"]

1. e4 e6 2. Nf3 c5 3. c3 d5 4. exd5 Qxd5 5. d4 Nc6 6. Na3 Nf6 7. Nb5 Qd8 8. Bf4
Nd5 9. Bg5 f6 10. Bd2 a6 11. Na3 cxd4 12. Nxd4 Nxd4 13. cxd4 Bxa3 14. bxa3 O-O
15. Bd3 Bd7 16. Qb1 f5 17. O-O Bc6 18. Re1 Qf6 19. Re5 Qg6 20. f3 Rf6 21. Bc4
Qf7 22. Qe1 Rg6 23. Rc1 Qd7 24. Qf2 h6 25. Bb3 Kh8 26. h3 Nc7 27. Rec5 Nb5 28.
Be3 Nxa3 29. Bf4 Nb5 30. Be5 Rd8 31. Rd1 b6 32. Rcc1 Bd5 33. Kh2 Bxb3 34. axb3
Kh7 35. Qc2 Qe7 36. Qc6 Qg5 37. Rc2 Rd5 38. Qxb6 Qh4 39. Qxa6 Nxd4 40. Bxd4
Rxd4 41. Rxd4 Qxd4 42. Qc4 Qd6+ 43. f4 e5 1/2-1/2

[Event "3. Copenhagen Open Politiken Cup"]
[Site "Brndby"]
[Date "1981.??.??"]
[Round "8"]
[White "Karlsson, Lars"]
[Black "Jansa, Vlastimil"]
[Result "0-1"]
[WhiteElo "2465"]
[BlackElo "2460"]
[PlyCount "88"]
[EventDate "1981.??.??"]
[EventType "swiss"]
[EventRounds "10"]
[EventCountry "DEN"]
[SourceDate "2004.01.01"]

1. Nf3 Nf6 2. g3 g6 3. Bg2 Bg7 4. O-O O-O 5. c4 d6 6. Nc3 e5 7. d3 Nc6 8. a3
Nd4 9. Nd2 c6 10. b4 h5 11. Nde4 Nxe4 12. dxe4 a5 13. Rb1 axb4 14. axb4 h4 15.
Qd3 hxg3 16. hxg3 f5 17. e3 fxe4 18. Bxe4 Nf3+ 19. Bxf3 Rxf3 20. Qxg6 Bf5 21.
Qh5 Bxb1 22. Qxf3 Bd3 23. Rd1 Bxc4 24. Ne4 Bd5 25. Qg4 Bxe4 26. Qxe4 d5 27. Qc2
e4 28. Bd2 Qf6 29. Be1 Qf3 30. Rb1 Kf7 31. Qd1 Ke6 32. Qxf3 exf3 33. Rc1 Kf5
34. b5 Bb2 35. Rb1 Ra2 36. bxc6 bxc6 37. Kh2 Be5 38. Rc1 Ra1 39. Rxa1 Bxa1 40.
Kh3 c5 41. g4+ Ke4 42. g5 Kd3 43. Ba5 Ke2 44. Bb6 Kxf2 0-1

[Event "3. Copenhagen Open Politiken Cup"]
[Site "Brndby"]
[Date "1981.??.??"]
[Round "8"]
[White "Kirov, Nino"]
[Black "Hansson, Dan"]
[Result "1-0"]
[WhiteElo "2475"]
[BlackElo "2330"]
[PlyCount "57"]
[EventDate "1981.??.??"]
[EventType "swiss"]
[EventRounds "10"]
[EventCountry "DEN"]
[SourceDate "2004.01.01"]

1. Nf3 Nf6 2. c4 g6 3. Nc3 Bg7 4. g3 O-O 5. Bg2 d6 6. d4 c6 7. O-O Bf5 8. Re1
Ne4 9. Qb3 Nxc3 10. bxc3 Qc7 11. e4 Bg4 12. e5 Nd7 13. exd6 exd6 14. Bf4 c5 15.
Rad1 Rac8 16. h3 Bxf3 17. Bxf3 cxd4 18. cxd4 Qxc4 19. Bxd6 Qxb3 20. axb3 Rfe8
21. Bxb7 Rxe1+ 22. Rxe1 Rd8 23. Bc7 Rf8 24. Rd1 Bf6 25. Kg2 Bd8 26. Bf4 Re8 27.
Bc6 Re7 28. d5 Nb6 29. Bg5 1-0

[Event "3. Copenhagen Open Politiken Cup"]
[Site "Brndby"]
[Date "1981.??.??"]
[Round "8"]
[White "Sahl, Bjarke"]
[Black "Welin, Thomas"]
[Result "0-1"]
[WhiteElo "2345"]
[BlackElo "2290"]
[PlyCount "100"]
[EventDate "1981.??.??"]
[EventType "swiss"]
[EventRounds "10"]
[EventCountry "DEN"]
[SourceDate "2004.01.01"]

1. d4 Nf6 2. c4 g6 3. Nc3 d5 4. Nf3 Bg7 5. e3 O-O 6. Be2 c5 7. dxc5 Qa5 8. cxd5
Nxd5 9. Qxd5 Bxc3+ 10. Bd2 Rd8 11. Qxd8+ Qxd8 12. Bxc3 Nd7 13. O-O Nxc5 14.
Rfd1 Qf8 15. Rac1 Be6 16. Bb4 b6 17. b3 Rc8 18. Nd4 Bd7 19. Ba3 Qe8 20. Bf3 e5
21. Nc2 e4 22. Be2 Nd3 23. Bxd3 exd3 24. Nd4 Qe4 25. Bb4 Bc6 26. Nxc6 Rxc6 27.
Rxc6 Qxc6 28. Be1 Qc2 29. Rd2 Qb1 30. Kf1 f5 31. f3 Kf7 32. Kf2 Ke6 33. Kf1 Kd5
34. Kf2 a5 35. Kf1 b5 36. Kf2 a4 37. bxa4 bxa4 38. Kf1 a3 39. h4 Kc4 40. Kf2
Qb2 41. g3 h6 42. Kg2 Qe5 43. Kf2 Qa1 44. Kf1 g5 45. hxg5 hxg5 46. Kf2 Qb1 47.
Kf1 Qb7 48. Kf2 g4 49. Kf1 Qxf3+ 50. Rf2 Qh1# 0-1

[Event "3. Copenhagen Open Politiken Cup"]
[Site "Brndby"]
[Date "1981.??.??"]
[Round "8"]
[White "Laird, Craig"]
[Black "Reinert, Mads"]
[Result "1-0"]
[WhiteElo "2305"]
[BlackElo "2215"]
[PlyCount "67"]
[EventDate "1981.??.??"]
[EventType "swiss"]
[EventRounds "10"]
[EventCountry "DEN"]
[SourceDate "2004.01.01"]

1. Nf3 Nf6 2. d4 e6 3. g3 b5 4. Bg2 Bb7 5. O-O Be7 6. Bg5 O-O 7. Qd3 d5 8. Nbd2
b4 9. Rfe1 Ba6 10. Qb3 Nbd7 11. Ne5 Nxe5 12. dxe5 Nd7 13. Bxe7 Qxe7 14. a3 Nxe5
15. e4 d4 16. axb4 Bb7 17. Ra5 Nc6 18. Rc5 a5 19. Qc4 axb4 20. Rxc6 Bxc6 21.
Qxc6 Ra2 22. Rb1 Rd8 23. Bf1 h5 24. Bd3 h4 25. e5 hxg3 26. hxg3 Ra5 27. Qe4 g6
28. Qf4 Kg7 29. Kg2 Rh8 30. Nb3 Rd5 31. Nxd4 c5 32. Nc6 Qb7 33. Qf6+ Kg8 34.
Ne7+ 1-0

[Event "3. Copenhagen Open Politiken Cup"]
[Site "Brndby"]
[Date "1981.??.??"]
[Round "8"]
[White "McCambridge, Vincent"]
[Black "Jakobsen, Ole"]
[Result "1/2-1/2"]
[WhiteElo "2335"]
[BlackElo "2415"]
[PlyCount "87"]
[EventDate "1981.??.??"]
[EventType "swiss"]
[EventRounds "10"]
[EventCountry "DEN"]
[SourceDate "2004.01.01"]

1. e4 c5 2. Nf3 d6 3. d4 cxd4 4. Nxd4 Nf6 5. Nc3 g6 6. Be3 Bg7 7. f3 O-O 8. Qd2
Nc6 9. O-O-O Nxd4 10. Bxd4 Be6 11. Kb1 Qc7 12. h4 Rfc8 13. h5 Qa5 14. hxg6 hxg6
15. a3 Rab8 16. Ne2 Qxd2 17. Rxd2 b6 18. Nf4 Bc4 19. Bxf6 Bxf6 20. Bxc4 Rxc4
21. Nd5 Kg7 22. g3 Rg8 23. b3 Rc6 24. Rdh2 Kf8 25. Nxf6 exf6 26. Rd2 Ke7 27. c4
a6 28. Kb2 Rgc8 29. Rhh2 Rc5 30. Rd5 f5 31. Rxc5 Rxc5 32. exf5 Rxf5 33. f4 d5
34. Kc3 dxc4 35. Kxc4 Rc5+ 36. Kd4 Rc1 37. Re2+ Kd6 38. Re3 b5 39. g4 Ra1 40.
b4 Rc1 41. Ke4 Rc4+ 42. Kf3 Kd5 43. g5 Rc7 44. Kg4 1/2-1/2

[Event "3. Copenhagen Open Politiken Cup"]
[Site "Brndby"]
[Date "1981.??.??"]
[Round "8"]
[White "Mortensen, Erling"]
[Black "Jensen, Allan Astrup"]
[Result "1/2-1/2"]
[WhiteElo "2375"]
[BlackElo "2225"]
[PlyCount "83"]
[EventDate "1981.??.??"]
[EventType "swiss"]
[EventRounds "10"]
[EventCountry "DEN"]
[SourceDate "2004.01.01"]

1. e4 e5 2. Nf3 Nc6 3. Bb5 a6 4. Ba4 Nf6 5. d3 d6 6. c3 Be7 7. Nbd2 Bd7 8. O-O
O-O 9. Re1 b5 10. Bc2 Re8 11. Nf1 h6 12. h3 Bf8 13. d4 Qc8 14. Ng3 Qb7 15. Nh4
Rad8 16. d5 Ne7 17. b3 c6 18. c4 bxc4 19. bxc4 Qb4 20. Bb3 cxd5 21. Bd2 Qc5 22.
cxd5 Rc8 23. Nf3 Ng6 24. Ba4 Nf4 25. Bxd7 Nxd7 26. Qa4 Qb5 27. Qxb5 axb5 28.
Reb1 Rb8 29. Ne1 Rec8 30. Kf1 Rc4 31. f3 g6 32. Ne2 Nxe2 33. Kxe2 f5 34. Rb4
Rxb4 35. Bxb4 Rc8 36. exf5 gxf5 37. Rd1 Rc4 38. a3 Nf6 39. Rd2 h5 40. Nc2 Nxd5
41. Rxd5 Rxc2+ 42. Kf1 1/2-1/2